Name the Aircraft - Statistics

General Stats
  • This quiz has been taken 48 times
  • The average score is 10 of 11
Answer Stats
Picture Answer % Correct
Airbus A380
100%
Boeing 737
98%
Boeing 747
98%
Boeing 767
98%
Airbus A340
95%
Boeing 757
95%
Boeing 787
95%
Airbus A320
93%
Airbus A330
91%
Airbus A350
91%
Airbus A220
67%
No matching quizzes found
Score Distribution
Percent of People with Each Score
Percentile by Number Answered
Your Score History
You have not taken this quiz